Òpera Garraf : més enllà del paisatge i del mite més enllà del paisatge i del mite
Descripción Física:
1 quadríptic ; il·lustracions color ; 15 x 21 cm
Materias:
Palau Güell (Barcelona) -- Activitats culturals
; Concerts (Execució musical) -- Programes
Idioma:
Catalán
MARC
| LEADER | 00000nam a22000007a 4500 | ||
|---|---|---|---|
| 001 | 27987 | ||
| 003 | Arxiu | ||
| 005 | 20260324181518.0 | ||
| 008 | 230612b spa||||| |||| 00| 0 cat d | ||
| 017 | |a B 29794-2018 | ||
| 040 | |a agdb |b cat | ||
| 245 | |a Òpera Garraf : |b més enllà del paisatge i del mite | ||
| 260 | |a Barcelona : |b Palau Güell : |b Diputació de Barcelona ; |c 2018 | ||
| 300 | |a 1 quadríptic ; |b il·lustracions color ; |c 15 x 21 cm | ||
| 610 | 2 | 0 | |9 52964 |a Palau Güell (Barcelona) |x Activitats culturals |
| 650 | 0 | |2 Arxiu |9 43539 |a Concerts (Execució musical) |x Programes | |
| 710 | 2 | |9 17034 |a Palau Güell (Barcelona) | |
| 710 | 1 | |a Barcelona (Catalunya : Província). |b Diputació |9 52408 | |
| 942 | |2 udc |c ARXIU |n 1 | ||
| 952 | |0 0 |1 0 |2 udc |4 0 |6 FU7619 |7 1 |9 66472 |a Arxiu |b Arxiu |d 2023-06-12 |l 0 |o FU-76-19 |p 27987 |r 2023-06-12 00:00:00 |w 2023-06-12 |y ARXIU | ||
| 999 | |c 83804 |d 83804 | ||